000 01512nam a2200361 a 4500
001 ebr10055076
003 CaPaEBR
006 m u
007 cr cn|||||||||
008 920210s1992 dcuab sb 001 0 eng
010 _z 92080089
020 _z030904684X
040 _aCaPaEBR
_cCaPaEBR
035 _a(OCoLC)614680257
050 1 4 _aSF85.4.C6
_bG73 1992eb
082 0 4 _a333.74/0951/1
_220
245 0 0 _aGrasslands and grassland sciences in northern China
_h[electronic resource] :
_ba report of the Committee on Scholarly Communication with the People's Republic of China, Office of International Affairs, National Research Council.
260 _aWashington, D.C. :
_bNational Academy Press,
_c1992.
300 _axv, 214 p. :
_bill., maps.
500 _a"S-525"--T.p. verso.
504 _aIncludes bibliographical references and index.
533 _aElectronic reproduction.
_bPalo Alto, Calif. :
_cebrary,
_d2013.
_nAvailable via World Wide Web.
_nAccess may be limited to ebrary affiliated libraries.
650 0 _aRangelands
_zChina.
650 0 _aGrasslands
_zChina.
650 0 _aRange management
_zChina.
650 0 _aRange ecology
_zChina.
650 0 _aGrassland ecology
_zChina.
650 0 _aRangelands
_xResearch
_zChina.
650 0 _aGrasslands
_xResearch
_zChina.
655 7 _aElectronic books.
_2local
710 2 _aebrary, Inc.
856 4 0 _uhttp://site.ebrary.com/lib/rucke/Doc?id=10055076
_zAn electronic book accessible through the World Wide Web; click to view
999 _c165841
_d165841